| 000 | 02282cam a2200385 a 4500 | ||
|---|---|---|---|
| 001 | 15303287 | ||
| 005 | 20090831144249.0 | ||
| 008 | 080522s2009 njua | b 001 0 eng | ||
| 010 | _a 2008022817 | ||
| 020 | _a0470280735 | ||
| 020 | _a9780470280737 | ||
| 035 | _a(OCoLC)ocn228701418 | ||
| 035 | _a(OCoLC)228701418 | ||
| 040 |
_aDLC _cDLC _dBTCTA _dBAKER _dOCLCG _dC#P _dYDXCP _dBWX _dCDX _dDLC |
||
| 050 | 0 | 0 |
_aQA76.9.M35 _bH863 2009 |
| 082 | 0 | 0 |
_222 _a004.015113 _bHOR |
| 100 | 1 |
_aHorgan, Jane M., _d1947- _920340 |
|
| 245 | 1 | 0 |
_aProbability with R : _bAn Introduction with Computer Science Applications / _cJane M. Horgan. |
| 260 |
_aHoboken, N.J. : _bWiley, _cc2009. |
||
| 300 |
_axviii, 393 p. : _bill. ; _c25 cm. |
||
| 504 | _aIncludes bibliographical references and index. | ||
| 650 | 0 |
_aComputer science _xMathematics. _920341 |
|
| 650 | 0 |
_aProbabilities. _920342 |
|
| 650 | 0 |
_aR (Computer program language) _920343 |
|
| 653 |
_bCS _cOctober2011 |
||
| 856 | 4 | 1 |
_3Table of contents only _uhttp://www.loc.gov/catdir/toc/ecip0819/2008022817.html |
| 942 |
_2ddc _cBB |
||
| 999 |
_c14760 _d14760 |
||